00556nam a22001817a 450000500170000001000150001702000260003203500140005803700090007208200080008110000230008924500810011225000060019326000440019927000830024330000200032670000280034620241213113345.0 aENG-142996 a9788191060768c399.00 aEN-126528 bDBAD a934 aSinha, Shailesh KR aArchaeological Sites of Begusarai/cby Shailesh KR Sinha [and] Amiya Krishna a1 aSangam ViharbLucky Internationalc2013 aH-16/1922 , Sangam ViharbNew Delhie110080k7838260289mluckybk05@yahoo.co.in a128p.c22cm(hb) aKrishna, Amiya eAuthor